Griechenland : lexikon der historischen Sttten von den Anfangen bis zur Gegenwart

Saved in:
Bibliographic Details
Main Author: Lauffer, Siegfried
Format: Book
Language:German
Published: Munchen : Beck, 1989
Subjects:
Tags: Add Tag
No Tags, Be the first to tag this record!

MARC

LEADER 00000cam a2200000 i 4500
001 1/96342
008 081101s1989 ger d
020 |a 3-406-33302-8 
035 |l 10101304 
040 |a GR-MY-UA  |b gre  |e aacr 
041 0 |a ger 
082 0 |a 938.003  |2 (22) 
100 1 |a Lauffer, Siegfried. 
245 1 0 |a Griechenland :  |b lexikon der historischen Sttten von den Anfangen bis zur Gegenwart /  |c herausgegeben von Siegfried Lauffer 
260 |a Munchen :   |b Beck,   |c 1989 
300 |a 775, [15] σ. ;  |b χάρτες;  |c 24 εκ. 
504 |a Βιβλιογραφία: σ. [723]-749 
504 |a Ευρετήριο: σ. [761]-775 
651 0 |a Greece  |x Gazetteers. 
852 |a INST  |b LESVOS  |e 20081101  |h 938.003 LAU  |p 005100043365  |q 005100043365  |t REF  |y 23 
901 |a BIBL1-2008-3 
909 |a Λ  |b 156109 
970 |a ΚΑΡΑ  |b ΓΙΑΣΕΜΗ  |z 2008/11/01